000 00666nam a2200217 a 4500
001 63008
005 20180714065245.0
008 150624s2010 mx a r 000 0 spa d
020 _a978-607-438-213-6
082 0 _a150
_bGAR
100 1 _aGarcía González, Eva Laura
_eautor
245 1 0 _aPsicología /
_cEva Laura García González.
250 _aTercera edición
264 1 _aMéxico :
_bGrupo Editorial Patria,
_c2010
300 _aix, 232 páginas :
_bilustraciones ;
_c28 cm.
336 _atexto
_2rdacontent
337 _asin mediación
_2rdamedia
338 _avolumen
_2rdacarrier
490 0 _aBachiller
650 0 _aPsicología
999 _c63008
_d63008